Estatísticas para Signos do Zodíaco em 45 segundos

Clique aqui para jogar o quiz

Estatísticas Gerais

  • Esse quiz foi jogado 129 vezes
  • A pontuação média é 10 de 12

Estatísticas das Respostas

Signo% Correto
Aquário
89%
Capricórnio
89%
Leão
88%
Peixes
88%
Carneiro
87%
Touro
87%
Balança
86%
Caranguejo
85%
Gêmeos
85%
Sagitário
85%
Virgem
83%
Escorpião
80%

Distribuição das Pontuações

Percentil de Números Respondidos

Porcentagem de Pessoas com Cada Pontuação

Sua Pontuação Histórica

Você não jogou esse quiz